| 000 | 00549nam a2200205 i 4500 | ||
|---|---|---|---|
| 001 | bgj | ||
| 100 | 1 | _aMORRIS, Joy | |
| 245 | 1 | 0 |
_aHere's Patch : _bthe puppy 1 / _cJoy Morris and Joanne Ramsden. |
| 260 |
_aOxford : _bMacmillan, _c2005. |
||
| 300 |
_a80 pp : _bill. ; _c21x30 cm. |
||
| 650 | 9 | _aEnglish language | |
| 655 | _aTextbooks for children | ||
| 700 | 1 |
_aRAMSDEN, Joanne. _eco-author |
|
| 020 | _a1405074736 | ||
| 040 | _cBPK | ||
| 041 | 0 | _aeng | |
| 920 | _a1-405-07473-6 | ||
| 942 | _cKS | ||
| 008 | s uk f |000 0 eng | ||
| 999 |
_c49033 _d49033 |
||